000 00690nam a2200217Ii 4500
003 JO-AjNU
008 230605s9999||||xx |||||||||||||| ||und||
017 _a2006/3/530
040 _aJO-AjNU
_bara
_erda
_cJO-AjNU
041 _aara
050 1 4 _aBP75.5.B39 2006
100 3 _aالبياتي،منير ,
_eauthor
_964087
245 0 0 _aمحمد رسول الله صلى الله علية وسلم
250 _aط1
264 3 1 _aعمان:دار النفائس،2006
300 _a144ص
336 _atext
_btxt
_2rdacontent
337 _aunmediated
_bn
_2rdamedia
338 _avolume
_bnc
_2rdacarrier
650 4 _aالسيرة النبوية -الانبياء -الإسلام
_964088
999 _aA29104
_c32672
_d32672